Online
Catalog

Arturo Michelena, nino : (Record no. 14535)

MARC details
000 -CABECERA
campo de control de longitud fija 00983cam a22002417a 4500
001 - NÚMERO DE CONTROL
campo de control 000014960
005 - FECHA Y HORA DE LA ÚLTIMA TRANSACCIÓN
campo de control 20200929163930.0
008 - DATOS DE LONGITUD FIJA--INFORMACIÓN GENERAL
campo de control de longitud fija 991125s1999 ve a 000 0 spa
010 ## - NÚMERO DE CONTROL DE LA BIBLIOTECA DEL CONGRESO
Número de control de LC 00274928
020 ## - NÚMERO INTERNACIONAL ESTÁNDAR DEL LIBRO
Número Internacional Estándar del Libro 9803510215
040 ## - FUENTE DE LA CATALOGACIÓN
Centro catalogador/agencia de origen DO-SdBNP
Lengua de catalogación spa
Centro/agencia transcriptor BNPHU
050 #0 - SIGNATURA TOPOGRÁFICA DE LA BIBLIOTECA DEL CONGRESO
Número de clasificación MLCM 2000/01343 (N)
049 ## - FONDOS LOCALES (OCLC)
Fondos de biblioteca BNGR
100 1# - ENTRADA PRINCIPAL--NOMBRE DE PERSONA
Nombre de persona Michelena, Arturo,
Fechas asociadas al nombre 1863-1898.
9 (RLIN) 33864
245 00 - MENCIÓN DE TÍTULO
Título Arturo Michelena, nino :
Resto del título coleccion Fundación Museo Arturo Michelena.
260 ## - PUBLICACIÓN, DISTRIBUCIÓN, ETC.
Lugar de publicación, distribución, etc. Caracas :
Nombre del editor, distribuidor, etc. Fundación Museo Arturo Michelena ;
Lugar de publicación, distribución, etc. Valencia :
Nombre del editor, distribuidor, etc. Alcaldia de Valencia, Dirección de Cultura,
Fecha de publicación, distribución, etc. 1999.
300 ## - DESCRIPCIÓN FÍSICA
Extensión 36 p. :
Otras características físicas col. ill. ;
Dimensiones 27 cm.
490 1# - MENCIÓN DE SERIE
Mención de serie Fundación Museo Arturo Michelena, Caracas
Designación de volumen o secuencia 16 (catalogación)
490 1# - MENCIÓN DE SERIE
Mención de serie Fundación Museo Arturo Michelena, Caracas
-- 17 (exposición)
830 #0 - PUNTO DE ACCESO ADICIONAL DE SERIE-TÍTULO UNIFORME
Título uniforme Fundación Museo Arturo Michelena, Caracas
Designación de volumen o secuencia 16 (catalogación)
9 (RLIN) 33865
830 #0 - PUNTO DE ACCESO ADICIONAL DE SERIE-TÍTULO UNIFORME
Título uniforme Fundación Museo Arturo Michelena, Caracas
Designación de volumen o secuencia 17(exposición)
9 (RLIN) 33865
910 ## - DATOS DE OPCIÓN DEL USUARIO (OCLC)
Datos de opción del usuario Catalogación derivada
Holdings
Estado de retiro Estado de pérdida Restricciones de uso No para préstamo Código de colección Localización permanente Ubicación/localización actual Ubicación en estantería Fecha de adquisición Número de inventario Total de préstamos Signatura topográfica completa Código de barras Fecha visto por última vez Precio válido a partir de Tipo de ítem Koha Número de copia
      Excluido de préstamo Monografías: Libros y Folletos General General Depósito 27.01.2010 LF1   14960-10 25.06.2020 25.06.2020 No se presta  
      Excluido de préstamo Monografías: Libros y Folletos General General En catalogación 27.01.2010 LF1   14960-20 25.06.2020 25.06.2020 No se presta e. 2
  Extraviado     Monografías: Libros y Folletos General General Extraviado 19.05.2010 LF1   14960-30 25.06.2020 25.06.2020 Préstamo en sala e. 3

Powered by Koha